00693nam a2200193 i 4500003000900000005001700009007000300026008004100029040003000070082001300100100002800113245008800141264005700229300005800286336002700344337003400371338002800405500006600433DO-SdBNP20240213093315.0ta240213s2023 dr ao 000 p spa d aDO-SdBNPbspacBNPHUerda bC422222 aCestero, José,d1937-10aMacondo en Santo Domingo :bhomenaje a Gabriel García Márquez /cJosé Cestero 1aSanto Domingo :bCentro Cultural Banreservas,c2023. a80 páginas, bilustraciones, fotografíasc32 cm. 2rdacontentatextobtxt 2rdamediaasin mediación bn 2rdacarrieravolumenbnc aPremio Nobel de Literatura 1982, a Gabriel García Márquez